Contabilidad. Sector público (Registro nro. 4828)
[ vista simple ]
| 000 -LEADER | |
|---|---|
| fixed length control field | 01353 a2200229 4500 |
| 001 - CONTROL NUMBER | |
| control field | 49410 |
| 005 - DATE AND TIME OF LATEST TRANSACTION | |
| control field | 20260407155757.0 |
| 008 - FIXED-LENGTH DATA ELEMENTS--GENERAL INFORMATION | |
| fixed length control field | 260407a2019 arg spa d |
| 003 - CONTROL NUMBER IDENTIFIER | |
| control field | AR-UNSa-BCEJYS |
| 040 ## - CATALOGING SOURCE | |
| Original cataloging agency | AR-UNSa-BCEJYS |
| Language of cataloging | spa |
| Transcribing agency | AR-UNSa-BCEJYS |
| 080 ## - UNIVERSAL DECIMAL CLASSIFICATION NUMBER | |
| Universal Decimal Classification number | 351.72 |
| Common auxiliary subdivision | Finanzas públicas. Legislación (Contabilidad Pública, Administración financiera...) |
| 020 ## - INTERNATIONAL STANDARD BOOK NUMBER | |
| International Standard Book Number | 978-987-716-098-7 |
| 041 ## - LANGUAGE CODE | |
| Language code of text/sound track or separate title | spa |
| 100 1# - MAIN ENTRY--PERSONAL NAME | |
| Personal name | Lang, Víctor Manuel |
| 245 10 - TITLE STATEMENT | |
| Title | Contabilidad. Sector público |
| Name of part/section of a work | Mucho por hacer. Panorama global |
| 264 #1 - PRODUCTION, PUBLICATION, DISTRIBUTION, MANUFACTURE, AND COPYRIGHT NOTICE | |
| Place of production, publication, distribution, manufacture | Buenos Aires : |
| Name of producer, publisher, distributor, manufacturer | Osmar D. Buyatti |
| Date of production, publication, distribution, manufacture, or copyright notice | 2019 |
| 300 ## - PHYSICAL DESCRIPTION | |
| Extent | 295 p. |
| Dimensions | 22 cm. |
| 505 ## - FORMATTED CONTENTS NOTE | |
| Formatted contents note | 1. Concepto y generalidades de la contabilidad pública - 2. Evolución de la contabilidad pública - 3. Evolución histórica en Argentina - 4. Relaciones con otras disciplinas científicas - 5. La F.A.C.P.C.E. y las normas contables argentinas - 6. Ley de contabilidad pública en la República Argentina. Sistema de contabilidad gubernamental- Argentina - 7. Provincia de Santa Fe. República Argentina. Ley de Contabilidad - 8. Las Normas Internacionales de Contabilidad Pública NIIF-IRSF. Marco conceptual. La tendencia global - 9. Entidad que informa |
| 590 ## - LOCAL NOTE (RLIN) | |
| Local note | niveau_biblio:m niveau_hierar:0 |
| 856 41 - ELECTRONIC LOCATION AND ACCESS | |
| Uniform Resource Identifier | <a href="https://www.biblioeco.unsa.edu.ar/pmb/images/libros/L128076.jpg">https://www.biblioeco.unsa.edu.ar/pmb/images/libros/L128076.jpg</a> |
| Link text | Imagen de portada |
| Electronic format type | image/jpeg |
| 942 ## - ADDED ENTRY ELEMENTS (KOHA) | |
| Koha item type | |
| Withdrawn status | Lost status | Damaged status | Not for loan | Home library | Current library | Shelving location | Date acquired | Total checkouts | Full call number | Barcode | Date last seen | Price effective from | Koha item type | Public note |
|---|---|---|---|---|---|---|---|---|---|---|---|---|---|---|
| Biblioteca Prof. Eusebio Cleto del Rey | Biblioteca Prof. Eusebio Cleto del Rey | 07/04/2026 | 351.72 L269 | L128076 | 07/04/2026 | 07/04/2026 | Libro | HOJAS Y TAPA DOBLADAS - CANTO INFERIOR CON PEQUEÑAS LINEAS |